Spain UEFA European Championships XIs - Statistics

General Stats
  • This quiz has been taken 355 times
  • The average score is 40 of 100
Answer Stats
Answer % Correct
Xavi
96%
Iker Casillas
95%
Andrés Iniesta
94%
Lamine Yamal
93%
Fernando Torres
92%
Ferran Torres
92%
Sergio Busquets
92%
Sergio Ramos
92%
Gerard Piqué
90%
Álvaro Morata
89%
Carles Puyol
89%
Dani Carvajal
89%
David Villa
88%
Unai Simón
87%
Jordi Alba
86%
Rodri
86%
Pedri
85%
Xabi Alonso
84%
Nico Williams
83%
David de Gea
82%
David Silva
80%
Raúl
78%
Aymeric Laporte
77%
Marc Cucurella
77%
Cesc Fàbregas
76%
Fernando Hierro
71%
Robin Le Normand
67%
Fernando Morientes
66%
Álvaro Arbeloa
63%
Fabián Ruiz
63%
Joan Capdevila
63%
César Azpilicueta
51%
Emilio Butragueño
50%
Koke
50%
Marcos Senna
50%
Eric García
49%
Pep Guardiola
48%
Iván Helguera
44%
Míchel Salgado
44%
Andoni Zubizarreta
43%
Juanfran
43%
Juan Manuel Asensi
42%
Marcelino Martínez
40%
Santiago Cañizares
40%
Luis Suárez
39%
Carlos Marchena
38%
Juanma López
34%
Gaizka Mendieta
32%
Manuel Sanchís
29%
Pablo Sarabia
28%
Sergi
28%
Míchel
25%
Nolito
25%
Abelardo
24%
José Antonio Camacho
24%
Rubén Baraja
24%
David Albelda
22%
Alfonso
21%
Luis Arconada
20%
Rafael Gordillo
20%
Guillermo Amor
19%
José Mari Bakero
19%
Santillana
18%
Raúl Bravo
17%
Vicente
17%
Joseba Etxeberria
16%
Juanito
16%
Rafael Alkorta
16%
Víctor Muñoz
16%
José Luis Caminero
14%
Juan Antonio Pizzi
14%
Julio Alberto
13%
Lobo Carrasco
13%
Andoni Goikoetxea
12%
Jesús María Zamora
12%
José Amavisca
12%
Amancio
11%
Fran
11%
Paco
11%
Ricardo Gallego
11%
Agustín Aranzábal
10%
Quini
10%
José Ángel Iribar
9%
José Ramón Alexanko
8%
Antonio Maceda
7%
Javier Manjarín
6%
Migueli
6%
Miguel Tendillo
6%
Jesús María Satrústegui
5%
Santiago Urquiaga
5%
Carlos Lapetra
4%
Feliciano Rivilla
4%
Ferran Olivella
4%
Genar Andrinúa
4%
Ignacio Zoco
4%
Isacio Calleja
4%
Chus Pereda
3%
Enrique Saura
3%
Tomás Reñones
3%
Josep Maria Fusté
2%
No matching quizzes found
Score Distribution
Percent of People with Each Score
Percentile by Number Answered
Your Score History
You have not taken this quiz